| 000 | 00562nam a22001697a 4500 | ||
|---|---|---|---|
| 003 | NUST | ||
| 038 | _aNusrat Nadeem | ||
| 082 | _a200 | ||
| 100 |
_aFarhi Lubna _925949 |
||
| 245 |
_aSegmentation and classification of brain tumor MR images through advance machine learning methods/ _cLubna Farhi |
||
| 264 |
_aKarachi; _bPNEC NUST; _c2018 |
||
| 300 |
_a124,p; _bill; _c30,cm. |
||
| 650 |
_aPhD-Electrical Engineering _984162 |
||
| 700 |
_aSupervisor:Dr.Adeel Yusuf _9124418 |
||
| 856 | _u http://10.250.8.41:8080/xmlui/handle/123456789/27000 | ||
| 942 |
_2ddc _cSC |
||
| 999 |
_c610287 _d610287 |
||